000
00271nam a22001097a 4500
008
240531b |||||||| |||| 00| 0 eng d
100
_a
Gogia, Jwiat
_9
15062
245
_a
Ninty-Nine Short Stories
260
_a
Bombay:
_b
Gndo gudu Pub
_c
1968.
300
_a
99p.
942
_c
BK
999
_c
39437
_d
39437